000 00727nam a2200265Ia 4500
001 7432
005 20240113234015.0
007 ta
008 050705s1991 a g b000 u hin u
040 _aCotton College Assam
041 _ahin
082 _a891.43309
_bMu 896 K
100 _aMuktibodh, Gajanan Madhav.
245 0 _aKamayani: Ek Punarvichar /
_cGajanan Madhav Muktibodh.
_hTextual Documents
250 _a5th ed. /
260 _aDelhi :
_bRajkamal prakashan ,
_c1991.
300 _a175p. :
_bill. ;
_c21cm .
653 _aHindi novel-Criticism
653 _aHindi fiction-Criticism
653 _aMS-Hindi
942 _2ddc
_cBK
999 _c7419
_d7419